[Event "Lansing op"]
[Site "Lansing"]
[Date "2002.09.02"]
[Round "6"]
[White "Aguilar, Javier"]
[Black "Bultema, Luke"]
[Result "0-1"]
[WhiteElo "1213"]
[BlackElo "1221"]
[PlyCount "114"]
[EventDate "2002.08.30"]
[EventType "swiss"]
[EventRounds "7"]
[EventCountry "USA"]
[SourceTitle "EXT 2007"]
[Source "ChessBase"]
[SourceDate "2006.11.23"]
[SourceVersion "1"]
[SourceVersionDate "2006.11.23"]
[SourceQuality "1"]

1. d4 b6 2. c4 Bb7 3. Nc3 e6 4. a3 Nf6 5. Bg5 c5 6. d5 g6 7. dxe6 fxe6 8. Nf3 Bxf3 9. exf3 Be7 10. Qc2 Nc6 11. Be3 Qc7 12. Bd3 d5 13. cxd5 exd5 14. Ne2 c4 15. Bxg6+ hxg6 16. Qxg6+ Kd7 17. Bf4 Qb7 18. Qf5+ Kd8 19. Bg5 Qd7 20. Qf4 Qe6 21. Qe3 Qxe3 22. fxe3 Rg8 23. h4 Kd7 24. g4 Ne5 25. Nd4 Rh8 26. Ke2 Raf8 27. Rad1 Nd3 28. b3 Nxg4 29. Rdf1 Bxg5 30. hxg5 Rxh1 31. Rxh1 Nge5 32. Rh7+ Kd6 33. Rh6+ Kd7 34. Rh7+ Kd6 35. Rh6+ Kd7 36. Rh7+ Rf7 37. Rxf7+ Nxf7 38. f4 Nc1+ 39. Kd2 Nxb3+ 40. Nxb3 cxb3 41. Kc3 Ke6 42. Kxb3 Kf5 43. Kc3 Ke4 44. g6 Nh6 45. g7 Kxe3 46. f5 Ng8 47. Kc2 d4 48. Kd1 a6 49. a4 b5 50. axb5 axb5 51. f6 Nxf6 52. g8Q Nxg8 53. Ke1 Nf6 54. Kd1 Ne4 55. Ke1 d3 56. Kd1 d2 57. Kc2 Ke2 0-1

[Event "Lansing op"]
[Site "Lansing"]
[Date "2002.09.01"]
[Round "1"]
[White "Avery, James"]
[Black "Bultema, Luke"]
[Result "1-0"]
[WhiteElo "744"]
[BlackElo "1221"]
[PlyCount "49"]
[EventDate "2002.08.30"]
[EventType "swiss"]
[EventRounds "7"]
[EventCountry "USA"]
[SourceTitle "EXT 2007"]
[Source "ChessBase"]
[SourceDate "2006.11.23"]
[SourceVersion "1"]
[SourceVersionDate "2006.11.23"]
[SourceQuality "1"]

1. e4 c5 2. Nf3 b6 3. Nc3 Bb7 4. d4 cxd4 5. Qxd4 Nc6 6. Qc4 e6 7. Bf4 Bc5 8. Be3 Bxe3 9. fxe3 f6 10. 0-0-0 Nge7 11. Be2 Qc7 12. Nb5 Qd8 13. Nfd4 Nxd4 14. exd4 Qb8 15. Bf3 Ba6 16. e5 Bxb5 17. Qxb5 a6 18. Qb3 Nc6 19. Bxc6 dxc6 20. Qxe6+ Kf8 21. exf6 Qf4+ 22. Kb1 gxf6 23. Rhf1 Qg5 24. Rxf6+ Kg7 25. Qf7# 1-0